Subcommittee on trade of the committee on ways and means U.S house of representatives
Đã lưu trong:
| 格式: | 圖書 |
|---|---|
| 語言: | Undetermined |
| 出版: |
Washington
1980
|
| 主題: | |
| 標簽: |
添加標簽
沒有標簽, 成為第一個標記此記錄!
|
| Thư viện lưu trữ: | Trung tâm Học liệu Trường Đại học Cần Thơ |
|---|
| LEADER | 00453nam a2200157Ia 4500 | ||
|---|---|---|---|
| 001 | CTU_99315 | ||
| 008 | 210402s9999 xx 000 0 und d | ||
| 082 | |a 382 | ||
| 082 | |b S941 | ||
| 245 | 0 | |a Subcommittee on trade of the committee on ways and means U.S house of representatives | |
| 260 | |a Washington | ||
| 260 | |c 1980 | ||
| 650 | |a Trade | ||
| 650 | |z United states | ||
| 904 | |i Tuyến | ||
| 980 | |a Trung tâm Học liệu Trường Đại học Cần Thơ | ||